[Event "Belgrade-chT2 Quality"]
[Site "Belgrade"]
[Date "2022.11.12"]
[Round "10.5"]
[White "Antonijevic, Zivorad"]
[Black "Milosavljevic, Dusan"]
[Result "0-1"]
[WhiteElo "2068"]
[BlackElo "2137"]
[PlyCount "36"]
[EventDate "2022.10.15"]
[EventType "team-tourn"]
[EventRounds "13"]
[EventCountry "SRB"]
[SourceTitle "EXT 2024"]
[Source "ChessBase"]
[SourceDate "2023.10.10"]
[SourceVersion "1"]
[SourceVersionDate "2023.10.10"]
[SourceQuality "1"]
[WhiteTeam "Sremcica"]
[BlackTeam "Belgrade Polet"]
[WhiteTeamCountry "SRB"]
[BlackTeamCountry "SRB"]

1. e3 g6 2. f4 Bg7 3. Nf3 d6 4. Bc4 e5 5. fxe5 dxe5 6. 0-0 Qe7 7. b3 e4 8. Ba3 c5 9. Nc3 Nf6 10. Ng5 0-0 11. Rc1 h6 12. Nh3 Bxh3 13. gxh3 Nbd7 14. Rf4 a6 15. Bb2 b5 16. Nd5 Nxd5 17. Bxg7 Nxf4 18. Bxf8 Qg5+ 0-1

[Event "Belgrade-chT2 Quality"]
[Site "Belgrade"]
[Date "2022.10.30"]
[Round "7.5"]
[White "Milosavljevic, Dusan"]
[Black "Milin, Dragan"]
[Result "1/2-1/2"]
[WhiteElo "2137"]
[BlackElo "2004"]
[PlyCount "82"]
[EventDate "2022.10.15"]
[EventType "team-tourn"]
[EventRounds "13"]
[EventCountry "SRB"]
[SourceTitle "EXT 2024"]
[Source "ChessBase"]
[SourceDate "2023.10.10"]
[SourceVersion "1"]
[SourceVersionDate "2023.10.10"]
[SourceQuality "1"]
[WhiteTeam "Belgrade Polet"]
[BlackTeam "Belgrade Bogoslov"]
[WhiteTeamCountry "SRB"]
[BlackTeamCountry "SRB"]

1. e4 c5 2. Nf3 Nc6 3. d4 cxd4 4. Nxd4 Nf6 5. Nc3 g6 6. Bc4 Bg7 7. Nxc6 dxc6 8. Qxd8+ Kxd8 9. Bf4 Ke8 10. 0-0-0 Nd7 11. Rhe1 e5 12. Bg5 f6 13. Be3 Ke7 14. a4 a5 15. f4 Rd8 16. g3 b6 17. h4 Bh6 18. h5 Rb8 19. hxg6 hxg6 20. Rh1 Rh8 21. Rh2 exf4 22. gxf4 Bb7 23. Rg1 g5 24. Rgh1 gxf4 25. Bd2 Ne5 26. Rxh6 Rxh6 27. Rxh6 Nxc4 28. Bxf4 Ne5 29. Rh7+ Ke6 30. b3 Ba6 31. Nd1 Be2 32. Ne3 Bf3 33. Nc4 Bxe4 34. Bxe5 fxe5 35. Rh6+ Kd5 36. Rh5 b5 37. Nxe5 Ke6 38. Ng4 Bd5 39. Rh6+ Kf5 40. Ne3+ Ke4 41. Kd2 bxa4 1/2-1/2

[Event "Belgrade-chT Quality"]
[Site "Belgrade"]
[Date "2016.10.26"]
[Round "10.6"]
[White "Todorovic, Sasa"]
[Black "Milosavljevic, Dusan"]
[Result "0-1"]
[WhiteElo "1860"]
[BlackElo "2137"]
[PlyCount "72"]
[EventDate "2016.10.01"]
[EventType "team-tourn"]
[EventRounds "11"]
[EventCountry "SRB"]
[SourceTitle "EXT 2018"]
[Source "ChessBase"]
[SourceDate "2017.10.13"]
[SourceVersion "1"]
[SourceVersionDate "2017.10.13"]
[SourceQuality "1"]

1. c4 b6 2. Nc3 Bb7 3. e4 e6 4. d4 Bb4 5. f3 f5 6. exf5 exf5 7. Nh3 Qh4+ 8. g3 Qe7+ 9. Kf2 Bxc3 10. bxc3 Nf6 11. Qe2 Qxe2+ 12. Bxe2 0-0 13. Re1 Nc6 14. Ba3 d6 15. Bd3 Ne4+ 16. Bxe4 fxe4 17. Rxe4 Ne5 18. d5 Rxf3+ 19. Kg1 Rxc3 20. Bb2 Rxc4 21. Re3 Bxd5 22. Bxe5 dxe5 23. Rxe5 c6 24. Nf4 Re4 25. Rg5 h6 26. Rg6 Rae8 27. Rd6 Re1+ 28. Rxe1 Rxe1+ 29. Kf2 Ra1 30. g4 Rxa2+ 31. Kg3 Ra3+ 32. Kh4 g5+ 33. Kh5 gxf4 34. Kg6 Kf8 35. Rf6+ Ke7 36. Rxf4 Rh3 0-1

[Event "Belgrade-chT Quality"]
[Site "Belgrade"]
[Date "2016.10.15"]
[Round "5.3"]
[White "Ivanovic, Marko"]
[Black "Milosavljevic, Dusan"]
[Result "0-1"]
[WhiteElo "1815"]
[BlackElo "2137"]
[PlyCount "70"]
[EventDate "2016.10.01"]
[EventType "team-tourn"]
[EventRounds "11"]
[EventCountry "SRB"]
[SourceTitle "EXT 2018"]
[Source "ChessBase"]
[SourceDate "2017.10.13"]
[SourceVersion "1"]
[SourceVersionDate "2017.10.13"]
[SourceQuality "1"]

1. e4 c5 2. Nf3 e6 3. g3 d5 4. exd5 Qxd5 5. Nc3 Qd6 6. Bg2 Nc6 7. d3 Nf6 8. Bf4 e5 9. Qe2 Nd7 10. Nb5 Qb8 11. Nxe5 Ncxe5 12. Bxe5 Nxe5 13. f4 a6 14. Na3 Be6 15. fxe5 g6 16. 0-0 Bg7 17. Rae1 Qc7 18. c3 Rd8 19. b3 0-0 20. Nc2 Rfe8 21. d4 cxd4 22. cxd4 a5 23. Rd1 h5 24. h3 a4 25. Ne3 Bh6 26. Nc4 axb3 27. axb3 b5 28. Nd6 Rxd6 29. exd6 Qxd6 30. Qf3 Bf5 31. g4 hxg4 32. hxg4 Be3+ 33. Kh1 Re4 34. gxf5 g5 35. Qxe4 Qh6+ 0-1

[Event "Belgrade-chT"]
[Site "Belgrade"]
[Date "2013.10.19"]
[Round "8.4"]
[White "Milosavljevic, Dusan"]
[Black "Tasev, Dejan"]
[Result "1/2-1/2"]
[WhiteElo "2120"]
[BlackElo "2213"]
[PlyCount "100"]
[EventDate "2013.10.12"]
[EventType "team-tourn"]
[EventRounds "11"]
[EventCountry "SRB"]
[SourceTitle "EXT 2014"]
[Source "ChessBase"]
[SourceDate "2013.11.20"]
[SourceVersion "1"]
[SourceVersionDate "2013.11.20"]
[SourceQuality "1"]
[WhiteTeam "GSP Polet"]
[BlackTeam "Belgrade Sigurnost"]
[WhiteTeamCountry "SRB"]
[BlackTeamCountry "SRB"]

1. c4 Nf6 2. Nc3 g6 3. g3 Bg7 4. Bg2 0-0 5. b4 d6 6. Bb2 e5 7. d3 Nc6 8. b5 Ne7 9. Nf3 h6 10. d4 e4 11. Nd2 e3 12. fxe3 Nf5 13. Nf1 Ng4 14. Qd3 Re8 15. Nd1 h5 16. h3 Ngh6 17. e4 Ne7 18. Nfe3 f5 19. Nf2 fxe4 20. Bxe4 Nef5 21. Nxf5 Bxf5 22. Bxf5 Nxf5 23. e4 Qg5 24. Rg1 c5 25. bxc6 bxc6 26. Kf1 Rab8 27. Bc3 Nh6 28. Kg2 Nf7 29. h4 Qe7 30. e5 Kh7 31. exd6 Nxd6 32. Rge1 Qf7 33. c5 Nf5 34. Ne4 Qd5 35. Kh2 Kh8 36. Ng5 Rxe1 37. Rxe1 Qxa2+ 38. Re2 Qd5 39. Re6 a5 40. Qe2 Nh6 41. Re8+ Rxe8 42. Qxe8+ Ng8 43. Qxg6 Nf6 44. Nf7+ Kg8 45. Nh6+ Kf8 46. Nf5 Ne8 47. Qxh5 Qa2+ 48. Kh3 Qf2 49. Nxg7 Qf1+ 50. Kh2 Qf2+ 1/2-1/2

[Event "Belgrade-chT"]
[Site "Belgrade"]
[Date "2011.10.01"]
[Round "1.2"]
[White "Milosavljevic, Dusan"]
[Black "Mihajlovic, Miodrag"]
[Result "0-1"]
[WhiteElo "2120"]
[BlackElo "2177"]
[PlyCount "106"]
[EventDate "2011.10.01"]
[EventType "team-tourn"]
[EventRounds "11"]
[EventCountry "SRB"]
[SourceTitle "CBM 144 Extra"]
[Source "ChessBase"]
[SourceDate "2011.10.28"]
[SourceVersion "1"]
[SourceVersionDate "2011.10.28"]
[SourceQuality "1"]
[WhiteTeam "Polet"]
[BlackTeam "Romanticari"]
[WhiteTeamCountry "YUG"]
[BlackTeamCountry "YUG"]

1. b3 b6 2. Bb2 Bb7 3. e3 e6 4. f4 Nf6 5. Nf3 a6 6. c4 Be7 7. Bd3 c5 8. Nc3 Qc7 9. Qe2 Nc6 10. Ne4 Nb4 11. Nxf6+ Bxf6 12. Bxf6 Nxd3+ 13. Qxd3 gxf6 14. Qc3 Ke7 15. 0-0 Rhg8 16. f5 e5 17. d4 cxd4 18. exd4 d6 19. Qe3 h5 20. d5 Qc5 21. Qxc5 bxc5 22. Rae1 Rg4 23. h3 Rg3 24. Rf2 a5 25. Re4 a4 26. Rh4 axb3 27. axb3 Rh8 28. Ra2 Bc8 29. Ra8 Rgg8 30. g4 Bxf5 31. Rxg8 Rxg8 32. Rxh5 Bc2 33. Nh4 Rg5 34. Rh8 f5 35. Nf3 Rg7 36. Rb8 fxg4 37. Rb7+ Kd8 38. hxg4 Rxg4+ 39. Kf2 f5 40. Nd2 f4 41. Rb8+ Ke7 42. Rb7+ Kf6 43. Rd7 e4 44. Rxd6+ Kf5 45. Nf1 e3+ 46. Nxe3+ fxe3+ 47. Kxe3 Bxb3 48. Rb6 Ba4 49. Kd3 Rg3+ 50. Kd2 Ke5 51. Rh6 Bd7 52. Rh7 Bf5 53. Rh5 Rd3+ 0-1

[Event "Belgrade tt Cup"]
[Site "Belgrade"]
[Date "2010.04.18"]
[Round "5.4"]
[White "Peovic, Milos"]
[Black "Milosavljevic, Dusan"]
[Result "1-0"]
[WhiteElo "2225"]
[BlackElo "2136"]
[PlyCount "95"]
[EventDate "2010.04.14"]
[EventType "team-tourn"]
[EventRounds "5"]
[EventCountry "SRB"]
[SourceTitle "EXT 2012"]
[Source "ChessBase"]
[SourceDate "2011.11.24"]
[SourceVersion "1"]
[SourceVersionDate "2011.11.24"]
[SourceQuality "1"]

1. e4 e6 2. d4 b6 3. c4 Bb7 4. Qc2 Bb4+ 5. Nd2 Nf6 6. Bd3 d5 7. Qa4+ Nc6 8. cxd5 exd5 9. Bb5 Qd7 10. Ngf3 a6 11. Bxc6 Bxd2+ 12. Bxd2 Qxc6 13. Qxc6+ Bxc6 14. e5 Nd7 15. Rc1 Nb8 16. Bf4 0-0 17. Rc2 Rc8 18. Kd2 Ba4 19. b3 Bd7 20. e6 Bxe6 21. Bxc7 Nd7 22. Rhc1 Ra7 23. Rc6 Rb7 24. Bd6 Rxc6 25. Rxc6 Nf6 26. Ke3 Bd7 27. Rc1 Ne4 28. Bc7 f6 29. Ne1 Ng5 30. Nd3 Ne6 31. Bd6 a5 32. f4 h5 33. f5 Nd8 34. Nf4 Bxf5 35. Nxd5 Be6 36. Nf4 Rd7 37. Bc7 Bf7 38. Bxb6 Ne6 39. Rc8+ Kh7 40. Nxe6 Bxe6 41. Bxa5 Re7 42. Rc7 Re8 43. Kd2 Bd5 44. g3 Bf3 45. Rc2 g5 46. Bc7 Bd5 47. Kc3 Be4 48. Re2 1-0

[Event "Belgrade-chT Quality"]
[Site "Belgrade"]
[Date "2009.10.29"]
[Round "7"]
[White "Tisma, Ivan"]
[Black "Milosavljevic, Dusan"]
[Result "1/2-1/2"]
[WhiteElo "2210"]
[BlackElo "2094"]
[PlyCount "127"]
[EventDate "2009.10.11"]
[EventType "team-tourn"]
[EventRounds "11"]
[EventCountry "YUG"]
[SourceTitle "CBM 133 Extra"]
[Source "ChessBase"]
[SourceDate "2010.01.05"]
[SourceVersion "1"]
[SourceVersionDate "2010.01.05"]
[SourceQuality "1"]

1. Nf3 d6 2. g3 e5 3. Bg2 Nc6 4. d3 Be7 5. c4 Be6 6. Nc3 Qd7 7. Nd5 Bd8 8. Qb3 Na5 9. Qc3 c6 10. Ne3 c5 11. 0-0 Nc6 12. Nd5 Bh3 13. b4 Bxg2 14. Kxg2 cxb4 15. Nxb4 e4 16. Nd4 Bf6 17. Nbc2 exd3 18. Qxd3 Nge7 19. Rb1 Rc8 20. Nb5 0-0 21. Ne3 Qe6 22. Ba3 Rfd8 23. Rfd1 Ne5 24. Qe4 Nxc4 25. Qxe6 fxe6 26. Nxc4 Rxc4 27. Rxd6 Rxd6 28. Nxd6 Rc2 29. Rxb7 h5 30. Ne8 Nd5 31. Nxf6+ gxf6 32. Rb2 Rc3 33. Bb4 Rc4 34. Bd2 Ra4 35. h4 Kf7 36. Rc2 e5 37. Bc1 Ke6 38. a3 Nb6 39. f3 Nc4 40. Rc3 f5 41. Kf2 Kd5 42. e3 e4 43. Rb3 Ne5 44. fxe4+ Kxe4 45. Bd2 Nc4 46. Bb4 a5 47. Be7 Ne5 48. Rc3 Rc4 49. Rxc4+ Nxc4 50. Bc5 Kd5 51. Bf8 Ke4 52. Bc5 Kd5 53. Be7 Ke4 54. a4 Nxe3 55. Bd8 Nc4 56. Bc7 Nb2 57. Bxa5 Nxa4 58. Bd2 Nc5 59. Ke2 Ne6 60. Bh6 f4 61. gxf4 Nxf4+ 62. Kf2 Ng6 63. Kg3 Nxh4 64. Kxh4 1/2-1/2

[Event "Belgrade tt Cup"]
[Site "Belgrade"]
[Date "2009.04.11"]
[Round "4"]
[White "Milosavljevic, Dusan"]
[Black "Janjic, Jugoslav"]
[Result "1-0"]
[WhiteElo "2111"]
[BlackElo "2072"]
[PlyCount "85"]
[EventDate "2009.04.08"]
[EventType "team-tourn"]
[EventRounds "5"]
[EventCountry "YUG"]
[SourceTitle "CBM 129 Extra"]
[Source "ChessBase"]
[SourceDate "2009.05.05"]
[SourceVersion "2"]
[SourceVersionDate "2009.05.20"]
[SourceQuality "1"]

1. e4 c5 2. Nf3 Nc6 3. Bb5 d6 4. 0-0 e5 5. c3 Nf6 6. d4 Nd7 7. Bxc6 bxc6 8. dxe5 Nxe5 9. Nxe5 dxe5 10. Qxd8+ Kxd8 11. Be3 Be6 12. Nd2 Rb8 13. Nb3 c4 14. Na5 Kc7 15. b3 Ba3 16. Rfb1 a6 17. f4 f6 18. fxe5 fxe5 19. Ba7 Ra8 20. Bf2 cxb3 21. axb3 Be7 22. b4 Rhd8 23. Bg3 Bf6 24. Nb3 Bxb3 25. Rxb3 Rd3 26. Ra5 Re3 27. Bxe5+ Bxe5 28. Rxe5 Kd6 29. Kf2 Re1 30. Rg5 Rxe4 31. Rxg7 Rf8+ 32. Kg3 Re2 33. c4 Re4 34. c5+ Kd5 35. Rxh7 Kc4 36. Rb1 Re3+ 37. Kh4 Rf2 38. Rg7 Re4+ 39. Kg3 Rfe2 40. Rg4 Kb5 41. h3 R2e3+ 42. Kh4 Re8 43. Ra1 1-0

[Event "Belgrade Trophy 21st"]
[Site "Obrenovac"]
[Date "2008.12.02"]
[Round "6"]
[White "Savic, Miodrag R"]
[Black "Milosavljevic, Dusan"]
[Result "1-0"]
[WhiteElo "2522"]
[BlackElo "2111"]
[PlyCount "71"]
[EventDate "2008.11.27"]
[EventType "swiss"]
[EventRounds "9"]
[EventCountry "YUG"]
[SourceTitle "CBM 127 Extra"]
[Source "ChessBase"]
[SourceDate "2009.01.08"]
[SourceVersion "2"]
[SourceVersionDate "2009.01.28"]
[SourceQuality "1"]

1. e4 c5 2. c3 d5 3. exd5 Qxd5 4. Nf3 Nc6 5. Be2 e5 6. 0-0 Nf6 7. Na3 e4 8. Ne1 Bf5 9. Nc4 0-0-0 10. Ne3 Qd7 11. Qa4 Kb8 12. Bb5 Rc8 13. f3 Bg6 14. Nc4 Bd6 15. Nxd6 Qxd6 16. fxe4 Ng4 17. g3 Nce5 18. Be2 c4 19. d4 cxd3 20. Nxd3 Qb6+ 21. Qd4 Rcd8 22. Qxb6 axb6 23. Bf4 f6 24. Nb4 h5 25. Rae1 Ka7 26. Bb5 h4 27. h3 hxg3 28. hxg4 Rh3 29. Bxe5 fxe5 30. Nd3 Rh2 31. Rf3 Rh3 32. Kg2 Rdh8 33. Nxe5 Be8 34. Bxe8 Rh2+ 35. Kxg3 g5 36. Bh5 1-0